书目信息 |
| 题名: |
考试指南
|
|
| 作者: | 奥尔 著 ;刘克俊 译 | |
| 分册: | ||
| 出版信息: | 北京 国际文化出版公司 1988.7 |
|
| 页数: | 152页 | |
| 开本: | 19cm | |
| 丛书名: | ||
| 单 册: | ||
| 中图分类: | G424.7 , G428 | |
| 科图分类: | ||
| 主题词: | 教学理论 | |
| 电子资源: | ||
| ISBN: | 7-80049-140-4 | |
| 000 | 00731nam0 2200265 45 | |
| 001 | 0189026442 | |
| 005 | 20040425084814.9 | |
| 010 | @a7-80049-140-4@dCNY1.40 | |
| 020 | @aCN@b89026442 | |
| 100 | @a19911017d1988 m y0chiy0120 ea | |
| 101 | 1 | @achi@ceng |
| 102 | @aCN@b110000 | |
| 105 | @ay z 000yy | |
| 106 | @ar | |
| 200 | 10 | @a考试指南@Akao shi zhi nan@f(澳大利亚)奥 尔著@F( ao da li ya ) ao er zhu@g刘克俊译 |
| 210 | @a北京@c国际文化出版公司@d1988.7 | |
| 215 | @a152页@d19cm | |
| 540 | 1 | @a考试 指南@Akao shi zhi nan |
| 606 | 0 | @a教学理论 |
| 690 | @aG424.7@v3 | |
| 690 | @aG428 | |
| 701 | 0 | @a奥尔@Aao er@4著 |
| 702 | 0 | @a刘克俊@Aliu ke jun@4译 |
| 801 | 0 | @aCN@bNLC@c19911017 |
| 905 | @f1@b217634@dG428@e45 | |
| 考试指南/(澳大利亚)奥 尔著/刘克俊译.-北京:国际文化出版公司,1988.7 |
| 152页;19cm |
| ISBN 7-80049-140-4:CNY1.40 |
| ● |
| 相关链接 |
|
|
|
|
正题名:考试指南
索取号:G428/45
 
预约/预借
| 序号 | 登录号 | 条形码 | 馆藏地/架位号 | 状态 | 备注 |
| 1 | 0217634 | 000984634 | 第四借阅区/ [索取号:G428/45] | 在馆 | |
| 2 | 0217636 | 002057865 | 第一样本阅览室/ [索取号:G428/45] | 在馆 |